Práctica programada de geometría moderna: estructura y método Jurgensen, Donnelly, Dolciani
Gardado en:
| Main Authors: | , |
|---|---|
| Formato: | Libro |
| Idioma: | Lingua castelá |
| Publicado: |
Ciudad de México
Cultural
1969
|
| Subjects: | |
| Tags: |
Engadir etiqueta
Sen Etiquetas, Sexa o primeiro en etiquetar este rexistro!
|
MARC
| LEADER | 00000nam a2200000 a 4500 | ||
|---|---|---|---|
| 001 | UCT1387 | ||
| 003 | CL-VaPUC | ||
| 008 | 960927e19690000MX |||||||||||||||||spa|d | ||
| 082 | 0 | 4 | |a 516 |b RED |2 21 |
| 100 | 0 | |a Redgrave, Persis O |e author |9 370224 | |
| 700 | 0 | |a Roberge, James J |e author |9 370225 | |
| 245 | 1 | 0 | |a Práctica programada de geometría moderna: estructura y método Jurgensen, Donnelly, Dolciani |
| 300 | |a 160 p | ||
| 942 | |c BK | ||
| 945 | |d 19960927 00:00:00 |a cmena | ||
| 260 | |a Ciudad de México |b Cultural |c 1969 | ||
| 650 | 0 | |a Geometría |9 264063 | |
| 650 | 0 | |a Matemática |9 260235 | |
| 650 | 0 | |a Trigonometría |9 259568 | |
| 650 | 0 | |a Lógica matemática |9 262442 | |
| 650 | 0 | |a Figuras geométricas |9 347994 | |
| 650 | 7 | |a SISTEMAS DE COORDENADAS |2 CL-VaPUC |9 370226 | |
| 650 | 0 | |a Funciones (Matemáticas) |9 338128 | |
| 650 | 0 | |a Métodos de enseñanza |9 270413 | |
| 650 | 0 | |a Planificación de la educación |9 307333 | |
| 583 | |a last modification |c 19960927 00:00:00 |k Rodrigo Vera | ||
| 999 | |c 251920 |d 251918 | ||
| 952 | |0 0 |1 0 |4 0 |6 516_000000000000000_RED_1969 |7 0 |8 A |9 271431 |a BIBCUR |b BIBCUR |d 2019-11-19 |i 1751816 |o 516 RED 1969 |p 1751816 |r 2025-04-22 |w 2019-11-19 |y BK |k BCB | ||
| 952 | |0 0 |1 0 |4 0 |6 516_000000000000000_RED_1969 |7 0 |8 A |9 271432 |a BIBMAT |b BIBMAT |d 2019-11-19 |i 3856755 |o 516 RED 1969 |p 3856755 |r 2025-01-07 |w 2019-11-19 |y BK |k MAT | ||